Bezpečnosť a ochrana zdravia pri práci Všeobecne záväzné predpisy

Na minha lista:
Detalhes bibliográficos
Outros Autores: Dvoran, Emil
Formato: Livro
Idioma:eslovaco
Publicado em: Bratislava Práca 1994
Edição:1. vyd.
Colecção:Knižnica odborára Zv. 2/94
Assuntos:
Tags: Adicionar Tag
Sem tags, seja o primeiro a adicionar uma tag!

MARC

LEADER 00000nam a2200000 4500
001 c005642
005 20250916122627.9
020 |a 80-7094-209-6 
041 0 |a slo 
044 |a SK 
245 1 0 |a Bezpečnosť a ochrana zdravia pri práci  |b Všeobecne záväzné predpisy  |c Hl. zost. Emil Dvoran 
250 |a 1. vyd. 
264 1 |a Bratislava  |b Práca  |c 1994 
300 |a 396 s. 
490 1 |a Knižnica odborára  |v Zv. 2/94 
830 0 |a Knižnica odborára  |v Zv. 2/94 
610 2 0 |a bezpečnosť práce 
610 2 0 |a ochrana zdravia 
610 2 0 |a ochrana pracovníkov 
610 2 0 |a právo pracovné 
610 2 0 |a predpisy 
610 2 0 |a zákony 
610 2 0 |a vyhlášky 
610 2 0 |a smernice 
610 2 0 |a dozor štátny 
610 2 0 |a inštitúcie verejnoprávne 
700 1 |a Dvoran, Emil